Animal art : (Record no. 114892)
[ view plain ]
| 000 -LEADER | |
|---|---|
| fixed length control field | 00522nam a2200181 a 4500 |
| 001 - CONTROL NUMBER | |
| control field | 0251 |
| 005 - DATE AND TIME OF LATEST TRANSACTION | |
| control field | 20140414132115.0 |
| 008 - FIXED-LENGTH DATA ELEMENTS--GENERAL INFORMATION | |
| fixed length control field | 040902s19uu xx 00 eng d |
| 020 ## - INTERNATIONAL STANDARD BOOK NUMBER | |
| International Standard Book Number | 0-590-76564-7 |
| 050 ## - LIBRARY OF CONGRESS CALL NUMBER | |
| Classification number | M 745 |
| Item number | R61 1991 |
| 100 ## - MAIN ENTRY--PERSONAL NAME | |
| Personal name | Rodgers, Frank |
| 245 ## - TITLE STATEMENT | |
| Title | Animal art : |
| Statement of responsibility, etc | Frank Rodgers. |
| Remainder of title | drawing, painting and cartooning animals / |
| 260 ## - PUBLICATION, DISTRIBUTION, ETC. (IMPRINT) | |
| Place of publication, distribution, etc | London : |
| Name of publisher, distributor, etc | Hippo Books, |
| Date of publication, distribution, etc | 1991. |
| 300 ## - PHYSICAL DESCRIPTION | |
| Extent | 48 p. : ill. ; cm. |
| 440 ## - SERIES STATEMENT/ADDED ENTRY--TITLE | |
| Title | Clifford's |
| 650 ## - SUBJECT ADDED ENTRY--TOPICAL TERM | |
| Topical term or geographic name as entry element | Arts and crafts |
| General subdivision | Juvenile literature. |
| Withdrawn status | Lost status | Damaged status | Use restrictions | Home library | Current library | Shelving location | Date acquired | Source of acquisition | Total Checkouts | Full call number | Barcode | Date last seen | Price effective from | Koha item type |
|---|---|---|---|---|---|---|---|---|---|---|---|---|---|---|
| Munich Library | Munich Library | Main Section | 09/02/2004 | M 745 R61 1991 | M6825 | 04/14/2014 | 04/14/2014 | Books |